Score 0/51 Timer 05:00
0 Plays Today
HINT 4-LETTER WORD % Correct
Umbilical or extension ____CORD
98.1%
FrigidCOLD
96.3%
◍ DIE ____◍ HARD ◍
91.2%
◍ MAIZE ◍◍ CORN ◍
89.5%
Nugget stuffGOLD
87.8%
____ Me in St. LouisMEET
85.9%
◍ ____ AND POTATOES ◍◍ MEAT ◍
85.7%
The Curious ____ of Benjamin ButtonCASE
85.5%
The ____ LockerHURT
85.3%
Usain ____BOLT
81.8%
South Beach or Atkins ____DIET
81.4%
Shakespeare, e,g,BARD
81.3%
◍ ____ CHEAP ◍◍ DIRT ◍
80.4%
Like Mother Hubbard's cupboardBARE
80%
Red deerHART
79%
Boat bodyHULL
77.9%
OFF! chemicalDEET
77.5%
BilliardsPOOL
77%
Voter surveyPOLL
75.1%
Pub projectileDART
74.8%
Das ____BOOT
73.1%
JettisonHURL
72%
◍ ALL YOUR ____ ARE BELONG TO US ◍◍ BASE ◍
71.1%
◍ KIND OF SOLDIER OR LOCKER ◍◍ FOOT ◍
69.4%
Shopping wainCART
65.3%
◍ SKIER'S NEED ◍◍ SNOW ◍
63.9%
HINT 4-LETTER WORD % Correct
Hurl a RapalaCAST
63.1%
OutpostFORT
62.8%
Jonathan Livingston, e.g.GULL
62.7%
Santa's smudgeSOOT
58.5%
Large bayGULF
58.3%
◍ 'A GOOD WALK RUINED' ◍◍ GOLF ◍
57%
DrubBEAT
55.5%
Pew or rockerSEAT
55%
____ Train ComingSLOW
54.6%
Arrogant snobSNOT
53.6%
Pigeon palaceCOOP
52.4%
Funeral clothPALL
52.1%
Van Allen's formationBELT
51.5%
Cole ____SLAW
49%
Thin boardSLAT
48.3%
Word ladder mossPEAT
47.4%
Orlop alternativePOOP
47%
____wood derbyPINE
46.2%
Not really a duck, okay?COOT
44.8%
Links alarmFORE
41.4%
Restrained or confinedPENT
38.6%
Brit's quaffPINT
38.2%
◍ QUEST FOR ____◍ FIRE ◍
35.2%
◍ COMMON BOND ◍◍ BALL ◍
34.6%
GossamerFINE
34.1%

Today's Daily Dose

Remove Ads.
Support Sporcle.
Get the best of Sporcle when you Go Orange. This ad-free experience offers more features, more stats, and more fun while also helping to support Sporcle. Thank you for becoming a member.

You're not logged in!

Compare scores with friends on all Sporcle quizzes.
OR
Log In

Show Comments

Extras

Top Quizzes Today


Score Distribution

Your Account Isn't Verified!

In order to create a playlist on Sporcle, you need to verify the email address you used during registration. Go to your Sporcle Settings to finish the process.

Report this User

Report this user for behavior that violates our Community Guidelines.

Details: